Operations Management: Managing Global Supply Chains (Record no. 43358)

MARC details
000 -LEADER
fixed length control field 00478nam a22001697a 4500
005 - DATE AND TIME OF LATEST TRANSACTION
control field 20250324123451.0
008 - FIXED-LENGTH DATA ELEMENTS--GENERAL INFORMATION
fixed length control field 250324b |||||||| |||| 00| 0 eng d
020 ## - INTERNATIONAL STANDARD BOOK NUMBER
International Standard Book Number 9781506302935
041 ## - LANGUAGE CODE
Language code of text/sound track or separate title Eng.
082 ## - DEWEY DECIMAL CLASSIFICATION NUMBER
Classification number 658.5 VEN
100 ## - MAIN ENTRY--PERSONAL NAME
Author Venkataraman, Ray R.
245 ## - TITLE STATEMENT
Title Operations Management: Managing Global Supply Chains
260 ## - PUBLICATION, DISTRIBUTION, ETC.
Place Los Angeles
Publisher Sage Publication
Publication Year 2020
300 ## - PHYSICAL DESCRIPTION
Extent 1016;, P. 28 cm
650 ## - SUBJECT ADDED ENTRY--TOPICAL TERM
Subject Business Logistics; Project Management
942 ## - ADDED ENTRY ELEMENTS (KOHA)
Koha item type Books
Holdings
Withdrawn status Lost status Source of classification or shelving scheme Damaged status Not for loan Home library Current library Shelving location Accession Date Vendor Price Bill number Full call number Barcode No Date last seen Discount Bill Date Koha item type Suggested By
    Dewey Decimal Classification     IMTN IMTN Rack 34-B 03/18/2025 Raghav Books Private Limited 10091.25 2374 658.5 VEN 33649 03/24/2025 33 02/14/2025 Books Dr. P. Bhattacharjee
Designed & Maintained by: LRC IMT Nagpur Contact: lrc@imtnag.ac.in© 2024. All Rights Reserved.